000
00268nam a22001097a 4500
008
231205b |||||||| |||| 00| 0 eng d
100
_a
K.K. Gujral
245
_a
Rajdhani Law Reporter Vol.13
260
_a
Delhi
_b
Supreme Court
_c
1983
300
_a
783
942
_2
ddc
_c
BK
999
_c
20333
_d
20333